Quiz su Genova - Statistics

Statistiche generali
  • Questo quiz è stato fatto 41 volte
  • Il punteggio medio è 12 su 18
Statistiche sulle risposte
Indizio Risposta % Corretto
Condimento tipico con pinoli, basilico ed olio d'oliva Pesto
100%
Il navigatore che "scoprì" l'America Cristoforo Colombo
97%
Capoluogo di questa regione Liguria
97%
Con Milano e Torino componeva questa figura geometrica durante gli anni '50 e '60 Triangolo industriale
94%
Insieme a Pisa, Venezia ed Amalfi era una di queste Repubblica Marinara
89%
Lo scrittore di "Ossi di Seppia" Eugenio Montale
86%
Celebre cantautore che ha dedicato a Genova l'album "Crêuza de mä" Fabrizio de André
86%
Architetto genovese di fama mondiale che ha creato The Shard e le Centre Pompidou Renzo Piano
80%
Traduzione italiana del termine "fugassa" Focaccia
74%
Soprannome dato al faro portuale, simbolo della città La Lanterna
69%
La famiglia Grimaldi ha origini genovesi, ma ora è a capo di questo Paese Monaco
69%
Questo famoso capo d'abbigliamento deriva dal nome della città tradotto in francese Jeans
66%
Cosa sono i famosi caruggi di Genova Vicoli medievali
63%
Questo simbolo di Genova è il più grande d'Italia ed uno dei maggiori in Europa Acquario
51%
Soprannome datole da Francesco Petrarca La Superba
40%
Croce che compare nello stemma di Genova Croce di San Giorgio
37%
Qui ne venne stampata la prima in Italia nel 1639 Gazzetta
20%
Nome della moneta d'oro coniata dalla Repubblica di Genova nel XIII secolo che divenne una delle più potenti del Mediterraneo Genovino
9%
Nessun quiz corrispondente trovato
Distribuzione punteggi
Percentuale di utenti per punteggio
Percentile per numero di risposta
I tuoi punteggi nel tempo
Non hai fatto questo quiz